| 000 | 00837nam a2200253Ia 4500 | ||
|---|---|---|---|
| 003 | OSt | ||
| 005 | 20221005103600.0 | ||
| 006 | a|||||r|||| 00| 0 | ||
| 007 | ta | ||
| 008 | 221004b |||||||| |||| 00| 0 san d | ||
| 024 | _a32861 | ||
| 037 | _cTextual | ||
| 040 |
_aCRL _cCRL _bsan |
||
| 041 |
_2san _asan |
||
| 082 | _aO15k, 152N0 | ||
| 100 | _aप्रभसागर, ललित | ||
| 245 | 0 | _aविश्व-संस्कृत-सूक्ति-कोश | |
| 246 | _aVishva-sanskṛuta-sūkti-kosha | ||
| 260 |
_aजोधपुर _bगर्ग एण्ड कम्पनी भारत _c1990 |
||
| 490 | _vभाग-1 | ||
| 650 | _aहिन्दी साहित्य | ||
| 942 |
_hO15k, 152N0 _cTEXL _2cc |
||
| 999 |
_c1010342 _d1010342 |
||